书目信息 |
| 题名: |
修辞常识
|
|
| 作者: | 傅经顺 编 | |
| 分册: | ||
| 出版信息: | 石家庄 河北人民出版社 1973 |
|
| 页数: | 180页 | |
| 开本: | 19cm | |
| 丛书名: | ||
| 单 册: | ||
| 中图分类: | H05 | |
| 科图分类: | 38.6341 | |
| 主题词: | 修辞学 | |
| 电子资源: | ||
| ISBN: | ||
| 000 | 00586nam2 2200229 45 | |
| 001 | 0198010884 | |
| 005 | 20070923102718.23 | |
| 010 | @dCNY0.35 | |
| 100 | @a19950523d1973 cd y0chiy0121 ea | |
| 101 | 0 | @achi |
| 102 | @aCN@b130000 | |
| 102 | @aCN@b130000 | |
| 105 | @ay z 000yy | |
| 200 | 10 | @a修辞常识@Axiu ci chang shi@f傅经顺编@Ffu jing shun bian |
| 210 | @a石家庄@c河北人民出版社@d1973 | |
| 215 | @a180页@d19cm | |
| 606 | 0 | @a修辞学 |
| 690 | @aH05@v3 | |
| 692 | @a38.6341@v2 | |
| 701 | 0 | @a傅经顺@Afu jing shun@4编 |
| 801 | 0 | @aCN@bTSSF@c20070923 |
| 905 | @a10447@dH05@e149 | |
| 修辞常识/傅经顺编.-石家庄:河北人民出版社,1973 |
| 180页;19cm |
| ISBN :CNY0.35 |
| ● |
| 相关链接 |
|
|
|
|
正题名:修辞常识
索取号:H05/149
 
预约/预借
| 序号 | 登录号 | 条形码 | 馆藏地/架位号 | 状态 | 备注 |
| 1 | 0609569 | 206095697 | 第二样本阅览室/ [索取号:H05/149] | 在馆 |